Tyristory ČKD sborník

Bibliographic Details
Format: Book
Language:Undetermined
Czech
PhysicalDescription:64 s.
Published: Praha ČKD 1969
Subjects:

MARC

LEADER 00000cam a2200000 a 4500
001 vtls001382149
003 SK-MaSNL
005 20260301183231.0
008 210928s1969 xx 0 000 und
035 |a SNK000336187 
040 |a SNK  |b slo  |c SNK  |e AACR2 
041 0 |a cze 
080 |a 621.382.233(082)  |2 1981 
245 0 0 |a Tyristory ČKD  |b sborník 
260 |a Praha  |b ČKD  |c 1969 
300 |a 64 s. 
650 0 7 |a tyristory  |2 SNKPH  |9 76846 
852 |a Štátna vedecká knižnica v Banskej Bystrici 
958 |a OND 
999 |c 856271  |d 858201 
952 |t P60, <04>, [BOOK], {604}  |a SNK  |b SNK  |y VYP  |7 0  |p 17A0225869  |o snkIB 22254 D2  |0 0  |1 0  |4 0  |d 2000-02-02  |l 0  |r 2005-01-02 00:00:00  |w 2026-02-24 
952 |t P60, <04>, [BOOK], {604}  |a SNK  |b SNK  |y VYP  |7 0  |p 17A0452473  |o snkIB 22254 D1  |i snkKIP 5232/69  |0 0  |1 1  |4 0  |d 2004-11-25  |l 0  |r 2005-01-02 00:00:00  |w 2026-02-24